000 00712nam a2200193Ia 4500
001 14818
003 GE_BSU
008 181216s||||||||xx |||||||||||||| ||und||
040 _cGE_BSU
080 _a514.12(075.8)
100 _aАлександров,П.С.
245 _aЛекции по аналитической геометрии,пополненные необходимыми сведениями из аргебры
260 _aМосква
260 _bНаука
260 _c1968
300 _a911стр.22см.
653 _aЛекции по аналитической геометрии,пополненные необходимыми сведениями из аргебры
942 _cBK
999 _c47941
_d47941